000 00441 a2200157 4500
003 NUST
005 20230309184013.0
040 _cNust
082 _a891.439,TAR
100 _aTarar, Mustansar Hussain
_93135
245 _aKarvan Sarai / کارواں سرائے (Urdu) /
_cMustansar Hussain Tarar
260 _aLahore
_bDoost Pub
_c1991
300 _a176 p.;
650 _aUrdu Literature
_xUrdu Adab
_9110085
942 _2ddc
_cBK
_k891.439,TAR
999 _c188148
_d188148